Carregant...
Peptides /
| Altres autors: | |
|---|---|
| Format: | Printed Book |
| Idioma: | English |
| Publicat: |
New York :
Academic Press,
1995.
|
| Matèries: |
| LEADER | 00501nam a2200145Ia 4500 | ||
|---|---|---|---|
| 008 | 160121b xxu||||| |||| 00| 0 eng d | ||
| 020 | |c USD 74.95 | ||
| 082 | |a 572.65 |2 23 | ||
| 245 | |a Peptides / |c Edited By Bernad Gutte | ||
| 260 | |a New York : |b Academic Press, |c 1995. | ||
| 653 | |a Biochemistry | ||
| 700 | |a Gutte, Bernad |e Editor | ||
| 942 | |c BK | ||
| 999 | |c 123632 |d 123632 | ||
| 952 | |0 0 |1 0 |4 0 |6 572_650000000000000_GUT_P |7 0 |9 136846 |a LIF |b LIF |c ST1 |d 2009-08-02 |i 1465 |l 0 |o 572.65 GUT/P |p LIF1465 |r 2009-08-02 |w 2009-08-02 |y BK | ||